000 01586nam a2200481 i 4500
001 19359
003 KOSZ 005
005 20200228082341.0
008 000320s1980 pl a f |000 0 pol
015 _aPB 1980/10720
020 _a8301011483
035 _a(OCoLC)830965361
040 _aWA N
_cWA N
_dKOSZ 005/HR
041 0 _apol
_brus
_beng
046 _k1980
080 _a631.4
080 _a624.13
080 _a621.316
080 _a621.317
100 1 _aMajewski, Jerzy
_d(1927- ).
_eAutor
245 1 0 _aPomiary termistorowe w gruncie /
_cJerzy Majewski ; Polska Akademia Nauk, Instytut Budownictwa Wodnego.
260 _aWarszawa ;
_aPoznań :
_bPaństwowe Wydawnictwo Naukowe,
_c1980.
300 _a163, [1] s. :
_bil. tab. wykr. err. ;
_c24 cm.
336 _2rdacontent
_aTekst
_btxt
337 _2rdamedia
_aBez urządzenia pośredniczącego
_bn
338 _2rdacarrier
_aWolumin
_bnc
380 _aKsiążki
380 _aPublikacje naukowe
388 _a1901-2000
388 _a1945-1989
490 1 _aBiblioteka Naukowa Hydrotechnika,
_x0554-5706 ;
_vnr 6.
504 _aBibliogr. s. 161-163.
546 _aStreszczenie rosyjskie i angielskie.
650 4 _aTermistory
658 _aArchitektura i budownictwo
658 _aInżynieria i technika
650 4 _aPomiary
650 4 _aUrządzenia
650 4 _aGrunt
830 0 _aBiblioteka Naukowa Hydrotechnika,
_vnr 6.
856 _uhttp://koha.tu.koszalin.pl/cgi-bin/koha/opac-detail.pl?biblionumber=19359
_yKatalog online BPK
942 _2UKD
_cKS
999 _c19359
_d19359